书目信息 |
| 题名: |
考研透视
|
|
| 作者: | ||
| 分册: | ||
| 出版信息: | 北京 北京海成培训学校 19?? |
|
| 页数: | 102页 | |
| 开本: | 20cm | |
| 丛书名: | ||
| 单 册: | ||
| 中图分类: | G643.6 | |
| 科图分类: | ||
| 主题词: | 教育--各级 | |
| 电子资源: | ||
| ISBN: | ||
| 000 | 00439nam0 2200181 450 | |
| 001 | 0757809492 | |
| 005 | 20070804174344.26 | |
| 010 | @d[不详] | |
| 100 | @a20070804d19 km y0chiy0120 ea | |
| 101 | 0 | @achi |
| 102 | @aCN@b110000 | |
| 200 | 1 | @a考研透视@Akao yan tou shi |
| 210 | @a北京@c北京海成培训学校@d19?? | |
| 215 | @a102页@d20cm | |
| 606 | 0 | @a教育@x各级 |
| 690 | @aG643.6@v3 | |
| 801 | 0 | @aCN@bPFT@c20070804 |
| 905 | @a10447@dG643.6@e445 | |
| 考研透视.-北京:北京海成培训学校,19?? |
| 102页;20cm |
| ISBN :[不详] |
| ● |
| 相关链接 |
|
|
|
|
正题名:考研透视
索取号:G643.6/445
 
预约/预借
| 序号 | 登录号 | 条形码 | 馆藏地/架位号 | 状态 | 备注 |
| 1 | 0791379 | 207913793 | 第一样本阅览室/ [索取号:G643.6/445] | 在馆 |